Voc Géo - Statistiques

Statistiques générales
  • Ce quiz a été pris 48 fois
  • Le résultat moyen est 6 sur 8
Statistiques - réponses
Question Réponse % Correct
OMI ? Organisation maritime international
91%
Géopolitique L'étude des facteurs géo,éco et culturels d'un Etat et ces relations internationales
80%
Qu'est ce que l'anamorphose ? Méthode en cartographie, pour montrer l'importance d'un phénomène.
80%
Le taux de croissance Augmentation des richesses produites par un Etat
78%
PMA Pays les moins avancées
65%
Hinterland ? L’arrière pays continental (campagnes chinoises)
59%
IBAS coopération entre les pays du Sud
50%
Que veut dire ASEAN ? Association des nations de l'Asie du Sud-Est
46%
Aucun quiz correspondant
Distribution des résultats
% des personnes avec chaque résultat
Percentile par nombre de réponses
Votre historique - résultats
Vous n’avez pas pris ce quiz